000 00571nam a2200217Ia 4500
005 20250508152837.0
008 008 250505s9999 xx 000 0 eng d
037 _aTextBook
040 _aFEDL
_beng
_cFEDL
041 _aeng
_2eng
084 _a100, HOC
_qFEDL
100 _aHocking William Ernest
245 0 _aTypes of philosophy
250 _aRevised Edition
260 _aNew York, USA
_bCharles Scribner's Sons
_c1939
300 _axix,520p
365 _aINR
_b24
650 _aPhilosophy
942 _cTB
_h100, HOC
999 _c1339150
_d1339150